000 00823cam a22002533a 4500
001 2562
003 FISKH
005 20231215141716.0
008 880912s1988 nyu j 000 0 eng d
010 _a 00514769
020 _a078073002757
035 _a(OCoLC)ocm18472307
040 _aEZH
_cEZH
_dOHI
_dOCL
_dDLC
_beng
050 _aD805.A2
082 _a940.54720922
100 1 _aSullivan, George,
_d1927-
245 1 0 _aGreat escapes of World War II /
_cGeorge Sullivan.
260 _aNew York :
_bScholastic,
_c1988.
300 _a132 pages :
_c18 cm
520 _aContains the true stories of seven daring escapes by prisoners of war during World War II.
650 0 _aWorld War, 1939-1945
_xPrisoners and prisons
_vJuvenile literature.
906 _a7
_bcbc
_ccopycat
_d2
_encip
_f20
_gy-genrareb
942 _2ddc
_cBK
_n0
999 _c2562
_d2562